000 00752nam a22002177a 4500
005 20230512221623.0
008 180316t xxu||||| |||| 00| 0 eng d
020 _a9710412297
040 _cCSPC
082 0 _a641.71
_bG114p
100 _aGabriel, Elvira Villaverde-
_eauthor.
245 0 0 _aPassion to bake:
_bbaking guide for beginners/
_cElvira Villaverde-Gabriel
260 _aMandaluyong City :
_bBooks Atbp. Publishing,
_c2012.
300 _axi, 176 pages :
_billustrations, pictures ;
504 _aIncludes Bibliography (pages 175-176).
650 1 0 _aBaking
_zPhilippines.
940 _aaag
942 _cBOOK
_jFIL 641.71 G114p 2012
999 _c2833
_d2833